Quizzes
Events
Quiz Creation
Community
Videos
Private Events
Remove Ads
Sign In
Join for FREE
Feedback
Dark Mode
Quiz Categories
Sports
Geography
Music
Movies
Television
Just For Fun
Miscellaneous
History
Literature
Language
Science
Gaming
Entertainment
Religion
Holiday
For Kids
Quiz Lab
Recent
Popular Today
Quiz Kudos Today
Editor Picks
Curator Picks
Quizzes by...
Day
Popularity
Type
Ratings
Length
Year
Community
Subscriptions
Recent Discussions
Orange Saloon
Badges
Playlists
Quests
Create
Leaderboards
Showdown
Live 5
Trivia Bingo
Activity
Puzzle Library
Sporcle Events
Private Events
Virtual Trivia
Globe League
Become a Host
Pub Owners
SporcleCon
Opinionation
Our Games
Videos
Blog
Mobile Apps
Partnerships
Remove Ads and Go Orange
Feedback
Television
TV Characters
TV Show
Sitcom
Network
Friends
Reality Shows
Cast
South Park
Star Trek
The Simpsons
Doctor Who
Television
TV Characters
TV Show
Sitcom
Network
Friends
Reality Shows
Cast
South Park
Star Trek
The Simpsons
Doctor Who
Random Quiz
Search Sporcle
×
Quiz Lab
Quiz Lab
Television
I Love
Type in answers that appear in a list
Type in answers that appear in a list
Classic
Best Score? Go Orange.
I Love Lucy Trivia Stats
Can you name the answers to these I Love Lucy trivia questions?
By
gandalf
8m
40 Questions
2,910 Plays
2,910 Plays
2,910 Plays
Comments
Comments
Give Quiz Kudos
Give Quiz Kudos
-
- Ratings
hide this ad
Forced Order
Answers have to be entered in order
Answers have to be entered in order
Replay
Link that replays current quiz
Next Quiz
Link to next quiz in quiz playlist
You Got
0%
They Got
Avg Score
45%
Avg Friend Score
Upgrade to see
Score Distribution
Jump to the score distribution portion of the page
Score
0/40
Timer
08:00
0
Plays Today
Questions
Answer
% Correct
What did Lucy try to smuggle home from Europe disguised as a baby?
Cheese
79.5%
What was the name of nightclub where Ricky was employed before he purchased it?
Tropicana
79%
What actor's footprints does Lucy and Ethel steal from Grauman's Chinese Theatre?
John Wayne
77.2%
What night of the week was 'I Love Lucy' telecast?
Monday
75.2%
What condiment did Lucy put on her escargot in Paris?
ketchup
69.6%
Because of Lucy, what comedian got hit on the head by a baseball at Yankee Stadium?
Bob Hope
67.8%
How did Lucy get aboard the ship she missed to Europe?
Helicopter
67.1%
What movie was Ricky making in Hollywood?
Don Juan
65.8%
In Hollywood, what actor does Lucy encounter at the Brown Derby?
William Holden
64.5%
What is the name of Lucy's hometown?
Jamestown, New York
64.3%
Lucy's cousin Ernie is from this town in Tennessee
Bentfork
57.5%
What was Lucy arrested for in Paris?
passing counterfeit money
56.9%
How were Fred and Ethel going to get home from Hollywood after Ricky forgot to buy their train tickets?
Motorcycle
54.2%
Who did Lucy and Ethel pretend to be atop the Empire State Building?
Martians
53.5%
In 'Lucy Meets Harpo Marx', what song does Harpo perform?
Take me out to the ballgame
51.8%
Lucy's cousin Ernie is played by this musician
Tennessee Ernie Ford
50.6%
What was the name of the Ricardo's elderly neighbor/
babysitter?
Mrs. Trumbull
49.4%
What was the last name of Lucy's friend Caroline?
Appleby
48.7%
What is Ethel's maiden name?
Potter
42.9%
In Hollywood, what actor's yard does Lucy try to steal a grapefruit from?
Richard Widmark
42.4%
Questions
Answer
% Correct
Who was the major sponsor of 'I Love Lucy'?
Phillip Morris
41.8%
Lucille Ball was how old when the series began?
40
41.7%
What was the name of the tonic in 'Lucy does a tv commercial'?
Vitameatavegamin
41.7%
Lucy and Ethel visit a casino in this city
Monte Carlo
39.3%
What was the name of the bellboy in Hollywood?
Bobby
37.7%
What is the last name of the Ricardo's neighbors in Connecticut?
Ramsey
37.1%
What is Lucy's maiden name?
McGillicuddy
32.7%
What was the name of the salad dressing Lucy and Ethel tried selling?
Aunt Martha's Old Fashioned Salad Dressing
31.9%
What was the name of the ship the Ricardos and Mertzes took to Europe?
U.S.S. Constitution
31.7%
What was the name of Ricky's piano player?
Marco
31.3%
What ladies club did Lucy and Ethel belong to?
Wednesday Afternoon Fine Arts League
29%
What is the address of the Mertz's apartment building?
623 East 68th St
27%
'I Love Lucy' was based on this radio program
My Favorite Husband
26.6%
What type of fish did the couples 'catch' in Florida?
Tuna
25.2%
In Hollywood, what actor hides out in the apartment above the Ricardos?
Cornell Wilde
25.1%
What was the name of Ricky's uncle in Cuba?
Alberto
22%
Who was Ricky's boss at the nightclub?
Mr.Littlefield
18.6%
While in Hollywood the Ricardos and Mertzs stayed in this hotel
Beverly Palms
15.7%
Little Ricky was performed by this young actor
Keith Thibodeaux
14.6%
What was the name of the pageant performed at Little Ricky's school?
The Enchanted Forest
12.5%
Quiz Playlist
Details
Report
Send in Message
Add To Playlist
Classic:
Type in answers that appear in a list
Forced Order:
Answers have to be entered in order
Last Updated: Feb 16, 2017
Quiz Scoreboard
CHALLENGE
Sign Up to Join the Scoreboard
Show All
Scores
Hide
Comments
May contain spoilers
Recently Published
TV Characters by Other Roles V
by ghcgh
Television
5m
Decade Duel: World Leaders
by jenniferyan
History
4m
Alphabetical 'K' Countries by Flag Minefield
by ylime102
Geography
3m
More to Explore
Quiz From the Vault
Featured Blog Post
15 Basketball Trivia Facts You Can Be March Mad About
hide this ad
You Might Also Like...
Tags
I Love
Love
Lucy
Today's Top Quizzes in Television
Browse Television
hide this ad
Top Contributed Quizzes in Television
1
Hidden Simpsons Character
2
One Piece Logic Puzzle
3
First Name TV: Leading Men
4
Hidden Simpsons Character XXIV
5
Grey's Anatomy Logic Puzzle
6
First Name TV: Leading Women Drama
7
Hidden Simpsons Character II
8
Hidden Simpsons Character XXVI
9
Hidden Simpsons Character XXV
10
TV Characters by Other Roles VI
Explore More
Trending Topics
Harry Potter
Kpop
Anime
NBA
Marvel
Crossword
Disney
Pokémon
Song
Puzzle
WWE
Country
Soccer
NFL
The Office
hide this ad
More By:
gandalf
Quiz
Plays
Rating
Category
Featured
Created
Two Syllable Countries
88,912
4.07
Geography
Oct 17, 2009
Abbott and Costello Movies
4,025
3.30
Movies
Oct 18, 2009
AFI 100 Directors with Multiple Films
3,586
4.08
Movies
Nov 1, 2009
I Love Lucy Trivia
2,910
3.86
Television
Dec 20, 2009
50 Greatest Cartoon Characters
1,781
2.25
Entertainment
Apr 10, 2010
Go to Creator's Profile
Score Distribution
Quiz Creator Spotlight
gandalf
Follow
Send a Message
Quizzes Created
-
Created Quiz Play Count
-
More By This Creator
Popular Quizzes Today
1
Countries of Asia Without Outlines Minefield
2
Find the US States - No Outlines Minefield
3
Pick 6: Fruits
4
The Countries of the World
5
Find the Countries of Europe - No Outlines Minefield
6
Alphabetical 'K' Countries by Flag Minefield
7
US States
8
Find the US States
More Television Quizzes
Numbered TV Shows
Published
Trending Quizzes
Pick 6: Mountains
Pick 6: Harry Potter
Pick 6: NFL Teams
Pick 6: Flags
C Names for Actors
Recently Updated
Adaptations: Name the Title
pecheneg
NWSL Teams
pecheneg
Women's Final Four Teams by Year
bhenderson79
Presidents Quartet II
eogle
Anything But Clue(do)
eogle
Anything But Oceanian Capitals
eogle
Anything But 7
eogle
Anything But Thing
eogle
Word Ladder: February 29
pecheneg
Song Title Questions
pecheneg
Trending Topics
Anime
Harry Potter
Kpop
Disney
NBA
Crossword
Marvel
Puzzle
The Office
Country
Soccer
Pokémon
NFL
WWE
Song
Your Account Isn't Verified!
In order to create a playlist on Sporcle, you need to verify the email address you used during registration. Go to your
Sporcle Settings
to finish the process.
Report this User
Report this user for behavior that violates our
Community Guidelines
.
Details:
Send Report
Go to the Sporcle.com Mobile Site →
Comments